Estadísticas para Jugadores con más títulos en la historia

Haz click aquí para intentar la prueba.

Estadísticas generales

  • Esta prueba ha sido intentada 109 veces
  • La puntuación promedio es 5 de 10

Estadísticas de respuestas

Nº de TítulosJugador% Correcto
42Lionel Messi
99%
34Cristiano Ronaldo
94%
42Dani Alves
86%
37Andrés Iniesta
73%
36Gerard Piqué
50%
35Xavi Hernández
36%
37Maxwell
24%
36Ryan Giggs
20%
35Vítor Baía
4%
35Kenny Dalglish
3%

Distribución de puntuación

Porcentaje por número respondido

Porcentaje de gente con cada puntuación

Historial de tus puntuaciones

No has intentado esta prueba.